Statistics for Taylor Swift (feat. More Lana Del Rey) - Snow On The Beach (Lyrics)

Click here to take the quiz!

General Stats

  • This quiz has been taken 189 times
  • The average score is 286 of 320

Answer Stats

Answer% Correct
a
100%
I
100%
on
100%
On
100%
be
99%
beach?
98%
beach
98%
But
98%
but
98%
it?
98%
it
98%
Like
98%
like
98%
snow,
98%
snow
98%
the
98%
to
97%
beautiful
96%
fucking
96%
me
96%
we
96%
Weird,
96%
Weird
96%
you
96%
You
96%
I'm
95%
feels
94%
do,
93%
It's
93%
it's
93%
by
92%
in
92%
And
91%
at
91%
dream
91%
impossible
91%
Flying
90%
flying
90%
No
90%
down
89%
all
88%
coming
88%
so
88%
Tonight
88%
Can
87%
is
87%
saw
87%
Stars
87%
pocketful
86%
This
86%
this
86%
wanting
86%
around
85%
what
85%
night,
84%
Now
84%
can't
83%
falling
83%
from
83%
are
82%
Are
82%
for
82%
My
82%
my
82%
been
81%
Janet
80%
One
80%
smile
80%
won
80%
thing?
79%
'til
79%
'Til
79%
ago
78%
contest
78%
I've
78%
few
78%
just
78%
moons
78%
never
78%
once
78%
planet
78%
scene
78%
screen,
78%
searched
78%
your
78%
another
77%
"aurora
77%
fake
77%
fine
77%
have
77%
make
77%
of
77%
real
77%
seen
77%
sound,
77%
time
77%
abusive
76%
could've
76%
thanks
76%
that
76%
true
76%
within
76%
emotionally
75%
eyes
75%
was
75%
did
74%
Life
74%
might
74%
Passing
74%
asking
73%
borealis
73%
dare
73%
don't
73%
even
73%
hide
73%
quite
73%
someone
73%
would
73%
dishonest
72%
green"
71%
wish
71%
flight
70%
afraid
69%
lights
69%
out
69%
awful,
68%
jinx
68%
saucers
68%
stop
68%
unglued,
68%
flecks
67%
Blurring
65%
lit
65%
speak,
65%
periphery
64%
unbeknownst
63%

Score Distribution

Percentile by Number Answered

Percent of People with Each Score

Your Score History

You have not taken this quiz